| 000 | 00764cam a2200205 a 4500 | ||
|---|---|---|---|
| 020 | _a0821312391 | ||
| 040 | _cDLC | ||
| 082 | 0 | 0 | _a382 WOR 1989 A065 Or. |
| 245 | 0 | 0 |
_aSubsidies and countervailing measures : _bcritical issues for the Uruguay Round / |
| 260 |
_aWashington, D.C. : _bWorld Bank, _cc1989. |
||
| 300 |
_av, 163 p. : _bill. ; _c28 cm. |
||
| 500 | _aPapers from a workshop held Feb. 13-14, 1989, at Montreux, Switzerland, organized by the World Bank and the Centre for Applied Studies in International Negotiations. | ||
| 650 | 0 | _aSubsidies | |
| 650 | 0 | _aExport credit | |
| 650 | 0 | _aAntidumping duties | |
| 700 | 1 | _aBalassa, Bela A. | |
| 710 | 2 | _aWorld Bank. | |
| 710 | 2 | _aCentre for Applied Studies in International Negotiations. | |
| 942 | _cEK | ||
| 999 |
_c14245 _d14245 |
||